| 000 | 00689nam a2200205 i 4500 | ||
|---|---|---|---|
| 001 | 112670 | ||
| 003 | ES-MaACL | ||
| 005 | 20251014063145.0 | ||
| 007 | t| | ||
| 008 | 061121s1970 sp r ||||1| spa d | ||
| 100 | 1 |
_aQuintana, José, _d1922- _9169844 |
|
| 245 | 1 | 0 |
_a96 poetas de las Islas Canarias _b: (siglo XX) / _cJosé Quintana; prólogo de D. José María de Cossío. |
| 250 | _a1ª ed. | ||
| 260 |
_aBilbao : _bComunicación Literaria de Autores, _c1970. |
||
| 300 |
_a599 p. ; _c21 cm. |
||
| 650 | 4 |
_aPoesías españolas- _yS.XX. _916221 |
|
| 700 | 1 |
_aCossío, José María de, _d1893-1977 _941017 |
|
| 852 |
_aES-MaACL _jC-39730 _bR.76088 |
||
| 999 |
_c112670 _d112670 |
||